000 00301nam a2200121Ia 4500
008 191201s2015 xx 000 0 und d
100 _aVIESSMAN, Warren
245 0 _aWater Supply and Pollution Control
260 _aN. Delhi
_bPearson
_c2015
300 _a741
650 _aB.Tech(CE)
942 _2ddc
_cBK
999 _c6511
_d6511